[Projekt] A-CENTRUM akademické tréningové a monitorovacie centrum rozvoja ľudských zdrojov

Bibliographic Details
Other Authors: Čeretková, Soňa, 1960- (Compiler), Javorčeková, Katarína (Compiler)
Format: Book
Language:Slovak
PhysicalDescription:104 s., [6] s. text. príl., [2] s. tab. príl., [6] s. fareb. fotogr. príl. fareb. fotogr., ilustr., tab. 21 cm
Published: [Nitra Univerzita Konštantína Filozofa 2005]
ISBN:8080508674 (brož.)
Edition:[1. vyd.]
Series:Prírodovedec
Subjects:

MARC

LEADER 00000nam a2200000 a 4500
001 vtls008699660
003 SK-MaSNL
005 20260425225539.0
008 251029s2005 xo oal g 000 0 slo
015 |a SNBA2006/06-03141 
020 |a 8080508674 (brož.) 
035 |a 94A4BC22-7023-400A-B42F-F723648ADC81 
035 |a urn:nbn:sk:snk-amlabl 
035 |a urn:nbn:sk:snk-am008qp6 
040 |a SNK  |b slo  |c SNK  |e AACR2 
041 0 |a slo 
044 |a xo  |c SK 
072 7 |a 331  |x Práca  |2 konspekt 
080 |a 37.0  |2 2001 
080 |a 06.024:005.591  |2 2001 
080 |a (035)  |2 2001 
080 |a 331.108.23  |2 2001 
245 0 0 |a [Projekt] A-CENTRUM  |b akademické tréningové a monitorovacie centrum rozvoja ľudských zdrojov  |c [zostavili: Soňa Čeretková, Katarína Javorčeková] 
250 |a [1. vyd.] 
260 |a [Nitra  |b Univerzita Konštantína Filozofa  |c 2005] 
300 |a 104 s., [6] s. text. príl., [2] s. tab. príl., [6] s. fareb. fotogr. príl.  |b fareb. fotogr., ilustr., tab.  |c 21 cm 
490 1 |a Prírodovedec  |v č. 180 
500 |a Vydav. údaje podľa ISBN 
504 |a Zoz. 
650 0 7 |a ľudské zdroje  |2 SNKPH  |9 1746 
650 0 7 |a vzdelávanie  |2 SNKPH  |9 4033 
650 0 7 |a grantové projekty  |2 SNKPH  |9 5001 
655 7 |a príručky  |2 SNKPH  |9 74364 
700 1 |a Čeretková, Soňa,  |d 1960-  |4 com  |9 247825 
700 1 |a Javorčeková, Katarína  |4 com  |9 401183 
830 0 |a Prírodovedec  |9 266401 
919 |a 80-8050-867-4 
958 |a OND 
999 |c 652134  |d 654064 
952 |a SNK  |b SNK  |y PREZ  |7 0  |p 17A0508435  |o snkSC 123575  |i snk2006/9540  |8 0  |0 0  |1 0  |4 0  |d 2006-05-11  |f 1  |l 0  |r 2025-06-05 00:00:00  |w 2026-02-23 
952 |a SNK  |b SNK  |y VYP  |7 0  |p 17A0508434  |o snkSC 123575 D1  |i snk2006/9964  |8 0  |z + 2 MPL  |0 0  |1 0  |4 0  |d 2006-05-11  |l 0  |r 2026-02-23 18:25:33  |w 2026-02-23